000
00252nam a2200097Ia 4500
001
780787
005
20250826170131.0
008
250824s9999 xx 000 0 und d
245
0
_a
ON İKİNCİ GECE
_c
WILLIAM SHAKESPEARE
260
_b
İŞ BANKASI YAYINLARI
999
_c
780787
_d
780787